KOHA-Header-6

Multivariable Calculus (Record no. 12737)

000 -LEADER
fixed length control field 00292nam a22001337a 4500
020 ## - INTERNATIONAL STANDARD BOOK NUMBER
ISBN 9781285091150
082 ## - DEWEY DECIMAL CLASSIFICATION NUMBER
Classification number 515
100 ## - MAIN ENTRY--AUTHOR NAME
Personal name Larson,Ron & Edwards,Bruce
245 ## - TITLE STATEMENT
Title Multivariable Calculus
250 ## - EDITION STATEMENT
Edition statement 10th
260 ## - PUBLICATION, DISTRIBUTION, ETC. (IMPRINT)
Place of publication China
Name of publisher Cengage
Year of publication 2014
300 ## - PHYSICAL DESCRIPTION
Number of Pages 1156 pages
942 ## - ADDED ENTRY ELEMENTS (KOHA)
Koha item type Books
Holdings
Withdrawn status Lost status Collection code Permanent Location Current Location Shelving location Date acquired Full call number Accession Number Koha item type
    Calculus MAJU MAJU Shelf No.A27 2020-12-02 515 9836 Calculus

Powered by Koha